000 00589nam a2200229 a 4500
999 _c4889
_d4889
001 4889
003 BD-JhCC
005 20171205093401.0
008 171205s1965 e a|||| || | 001 0 eng d
035 _a(BD-JhCC)4889
040 _aBD-JhCC
_dBD-JhCC
041 _aeng
082 _a940.5421
_bWOO 1965
100 _aWoodrooffe, Thomas
245 _aThe Battle of The Atlantic /
_cThomas Woodrooffe,
260 _aLondon :
_bFaber and Faber,
_c1965.
300 _a120 p. :
_c20 cm.
650 _aAtlantic Ocean
650 _aWorld War (1939-45)
942 _2ddc
_cBK